[Event "Hessen-ch A"]
[Site "Frankfurt/Main"]
[Date "2019.06.01"]
[Round "5"]
[White "Rabiya, Karim"]
[Black "Eurich, Jannik"]
[Result "0-1"]
[WhiteElo "1826"]
[BlackElo "1704"]
[PlyCount "108"]
[EventDate "2019.05.30"]
[EventType "swiss"]
[EventRounds "7"]
[EventCountry "GER"]

1. e4 c5 2. Nf3 d6 3. d4 cxd4 4. Nxd4 Nf6 5. Nc3 a6 6. Be2 Nbd7 7. f4 b5 8. Bf3
e5 9. Nf5 Nc5 10. fxe5 dxe5 11. Qxd8+ Kxd8 12. Bg5 Be6 13. Bxf6+ gxf6 14.
O-O-O+ Ke8 15. Nd5 Bxd5 16. exd5 Nd7 17. d6 Rb8 18. Rd3 Rg8 19. h4 Rb6 20. Rc3
Kd8 21. Rd1 a5 22. a3 Rg6 23. h5 Rg5 24. g4 e4 25. Bxe4 Rxg4 26. Bf3 Rf4 27.
Ne7 Bxe7 28. dxe7+ Kxe7 29. Rc7 Rxf3 30. Rdxd7+ Ke6 31. Re7+ Kf5 32. Rc5+ Kg4
33. Kb1 f5 34. Rxf7 h6 35. Ka2 Kxh5 36. Rfxf5+ Rxf5 37. Rxf5+ Kg4 38. Rc5 h5
39. a4 bxa4 40. Rxa5 Rb4 41. Ka3 Rc4 42. c3 h4 43. Rd5 h3 44. Rd2 Rf4 45. b4
axb3 46. Kxb3 Kg3 47. c4 h2 48. Rxh2 Kxh2 49. Kb4 Rf1 50. c5 Rc1 51. Kb5 Kg3
52. c6 Kf4 53. Kb6 Ke5 54. c7 Kd6 0-1

[Event "Hessen-ch A"]
[Site "Frankfurt/Main"]
[Date "2019.06.01"]
[Round "5"]
[White "Ruhl, Moritz"]
[Black "Kolker, Vladislav"]
[Result "1-0"]
[WhiteElo "1867"]
[BlackElo "2023"]
[PlyCount "109"]
[EventDate "2019.05.30"]
[EventType "swiss"]
[EventRounds "7"]
[EventCountry "GER"]

1. d4 Nf6 2. c4 g6 3. Nf3 Bg7 4. g3 O-O 5. Bg2 d6 6. Nc3 Nc6 7. e4 Bg4 8. O-O
Nd7 9. Be3 e5 10. d5 Nd4 11. Nb5 Nxf3+ 12. Bxf3 Bxf3 13. Qxf3 a6 14. Nc3 f5 15.
g4 fxg4 16. Qxg4 Qe7 17. b4 Nf6 18. Qg5 Qd7 19. f3 Nh5 20. Qg4 Qe7 21. c5 Nf4
22. Rab1 Bf6 23. cxd6 cxd6 24. Bxf4 exf4 25. Ne2 Be5 26. Rfc1 Kg7 27. Rc4 h5
28. Qh3 Rad8 29. Rbc1 Rd7 30. Qxd7 Qxd7 31. Rc7 Rf7 32. Rxd7 Rxd7 33. a4 g5 34.
b5 axb5 35. axb5 Bb2 36. Rc8 Ba3 37. h4 Bc5+ 38. Kg2 Be3 39. hxg5 Kg6 40. Rg8+
Kh7 41. Rf8 Rg7 42. Rf5 Kg6 43. Nxf4+ Bxf4 44. Rxf4 Kxg5 45. Rf5+ Kh4+ 46. Kf2
Rc7 47. Rf6 Rc2+ 48. Ke3 Rb2 49. Rxd6 Rxb5 50. Rg6 Rb3+ 51. Kf4 b5 52. d6 Rd3
53. e5 b4 54. Rg1 Kh3 55. Rb1 1-0

[Event "Hessen-ch A"]
[Site "Frankfurt/Main"]
[Date "2019.06.01"]
[Round "5"]
[White "Rutsatz, Mario"]
[Black "Neidhardt, Helge"]
[Result "1/2-1/2"]
[WhiteElo "1959"]
[BlackElo "2094"]
[PlyCount "50"]
[EventDate "2019.05.30"]
[EventType "swiss"]
[EventRounds "7"]
[EventCountry "GER"]

1. g3 e5 2. c4 Nc6 3. Bg2 Bc5 4. Nc3 d6 5. e3 Nf6 6. Nge2 Bb6 7. b3 O-O 8. Bb2
Bf5 9. d3 Qd7 10. O-O Bh3 11. Nd5 Nxd5 12. cxd5 Ne7 13. e4 c6 14. dxc6 Nxc6 15.
d4 Rac8 16. Rc1 Rfe8 17. dxe5 dxe5 18. Qxd7 Bxd7 19. Rfd1 Bg4 20. Kf1 f6 21. f3
Be6 22. Rd6 Kf7 23. Rxe6 Rxe6 24. Bh3 Rd8 25. Bxe6+ Kxe6 1/2-1/2

[Event "Hessen-ch A"]
[Site "Frankfurt/Main"]
[Date "2019.06.01"]
[Round "5"]
[White "Simon, Jonathan"]
[Black "Yaghi, Rita"]
[Result "1-0"]
[WhiteElo "1959"]
[BlackElo "1783"]
[PlyCount "39"]
[EventDate "2019.05.30"]
[EventType "swiss"]
[EventRounds "7"]
[EventCountry "GER"]

1. d4 d5 2. c4 e6 3. Nc3 c6 4. Nf3 dxc4 5. a4 Bb4 6. g3 b5 7. Bg2 Bb7 8. O-O
Bxc3 9. bxc3 Nd7 10. Re1 Ngf6 11. Ba3 a5 12. Rb1 Qb6 13. Nd2 Qc7 14. axb5 cxb5
15. Bxb7 Qxb7 16. Nxc4 Ra6 17. Qb3 Qd5 18. Qxb5 Qxb5 19. Rxb5 Kd8 20. Reb1 1-0

[Event "Hessen-ch A"]
[Site "Frankfurt/Main"]
[Date "2019.06.01"]
[Round "5"]
[White "Steudel, Max"]
[Black "Varma, Christopher"]
[Result "0-1"]
[WhiteElo "1950"]
[BlackElo "1842"]
[PlyCount "132"]
[EventDate "2019.05.30"]
[EventType "swiss"]
[EventRounds "7"]
[EventCountry "GER"]

1. d4 Nf6 2. Nf3 g6 3. Nc3 d5 4. Bf4 Bg7 5. e3 O-O 6. Be2 c5 7. Ne5 cxd4 8.
exd4 Qb6 9. Qd2 Nc6 10. O-O-O Be6 11. Na4 Qa5 12. Qxa5 Nxa5 13. Nc5 Bc8 14. Bb5
a6 15. Bd3 b5 16. h4 Nc4 17. Bxc4 bxc4 18. f3 Nh5 19. Bh2 Bh6+ 20. Kb1 Nf4 21.
g4 Ne6 22. Nc6 Re8 23. Na4 Bd7 24. Nxe7+ Rxe7 25. Nb6 Bc6 26. Nxa8 Bxa8 27.
Rhe1 Re8 28. c3 Bc6 29. Kc2 f6 30. b3 Kf7 31. Rb1 cxb3+ 32. axb3 Rc8 33. Kb2
Bb5 34. Bd6 Bf8 35. Bxf8 Rxf8 36. Re3 Nf4 37. c4 dxc4 38. bxc4 Bxc4 39. Rc3
Rb8+ 40. Ka1 Rxb1+ 41. Kxb1 Be2 42. Re3 Nd5 43. Rb3 Bb5 44. Kc1 Ke6 45. Kd2 Nf4
46. Re3+ Kd6 47. Re4 Ng2 48. h5 g5 49. d5 Bd7 50. Rb4 Bb5 51. Re4 Nf4 52. Ke3
Nxd5+ 53. Kd4 Ne7 54. Re1 Nc6+ 55. Ke3 Nb4 56. Rd1+ Nd3 57. Ke4 Ke6 58. Kd4 Ne5
59. Ke3 Bc6 60. Rd8 Bxf3 61. Rh8 Bxg4 62. Rxh7 Nf7 63. h6 Bf5 64. Rg7 Nxh6 65.
Ra7 Ng4+ 66. Kf3 Ne5+ 0-1

[Event "Hessen-ch A"]
[Site "Frankfurt/Main"]
[Date "2019.06.01"]
[Round "5"]
[White "Stock, Juergen"]
[Black "Bluebaum, Johanna"]
[Result "1-0"]
[WhiteElo "1875"]
[BlackElo "2003"]
[PlyCount "125"]
[EventDate "2019.05.30"]
[EventType "swiss"]
[EventRounds "7"]
[EventCountry "GER"]

1. d4 d5 2. e3 Nf6 3. Bd3 c5 4. c3 Nc6 5. f4 Bg4 6. Nf3 e6 7. O-O Bd6 8. h3 Bf5
9. Ne5 O-O 10. g4 Bxd3 11. Qxd3 Ne4 12. Nf3 f5 13. Bd2 c4 14. Qc2 b5 15. a3 Na5
16. Be1 Nb3 17. Ra2 a5 18. Nbd2 Nexd2 19. Nxd2 a4 20. Qd1 fxg4 21. hxg4 Qf6 22.
Kg2 Qg6 23. Nxb3 axb3 24. Ra1 h6 25. Bg3 Qh7 26. Qf3 Ra7 27. f5 Bxg3 28. Kxg3
Kh8 29. e4 exf5 30. exf5 Qg8 31. Rae1 Qf7 32. Re5 Rd7 33. Qh1 Rd6 34. Rfe1 Qc7
35. Kh3 Qd8 36. R1e2 Rd7 37. Qf3 Qg5 38. Qe3 Qxe3+ 39. R2xe3 Kg8 40. Kh4 Kf7
41. Re6 Rb8 42. R3e5 Rbb7 43. Kh5 b4 44. axb4 Ra7 45. g5 hxg5 46. Kxg5 Ra2 47.
Re2 Ra1 48. Re1 Rxe1 49. Rxe1 Ra7 50. Kf4 Ra8 51. b5 Rb8 52. Ra1 Rxb5 53. Ra7+
Kf6 54. Ra6+ Ke7 55. Ke5 Kf7 56. Ra7+ Kg8 57. Kd6 Kh7 58. Kc6 Rb8 59. f6 Re8
60. Rxg7+ Kh6 61. Kxd5 Re2 62. Kxc4 Rxb2 63. Rg1 1-0

[Event "Hessen-ch A"]
[Site "Frankfurt/Main"]
[Date "2019.06.01"]
[Round "5"]
[White "Voellinger, Florian"]
[Black "Halbig, Christopher"]
[Result "1-0"]
[WhiteElo "1871"]
[BlackElo "1802"]
[PlyCount "69"]
[EventDate "2019.05.30"]
[EventType "swiss"]
[EventRounds "7"]
[EventCountry "GER"]

1. d4 Nf6 2. c4 d6 3. Nc3 Nbd7 4. e4 e5 5. Nf3 c6 6. Be2 Be7 7. O-O O-O 8. Qc2
a6 9. a4 a5 10. Bd2 Qb6 11. c5 dxc5 12. dxe5 Ng4 13. Bf4 Qc7 14. Bg3 Ngxe5 15.
Nxe5 Nxe5 16. f4 Nd7 17. Rad1 Re8 18. e5 Qb6 19. Kh1 Bf8 20. Ne4 h6 21. Bc4 Qb4
22. Ba2 Nb6 23. Bb1 f5 24. exf6 Rxe4 25. Qxe4 Qxe4 26. Bxe4 Bg4 27. Ra1 gxf6
28. h3 Be6 29. Rfe1 Bb3 30. f5 Nxa4 31. Re3 c4 32. Rxb3 cxb3 33. Rxa4 Re8 34.
Bf3 Bb4 35. Ra1 1-0

[Event "Hessen-ch A"]
[Site "Frankfurt/Main"]
[Date "2019.06.01"]
[Round "6"]
[White "Ahrends, Norbert"]
[Black "Blaschke, Henri Johannes"]
[Result "1/2-1/2"]
[WhiteElo "1927"]
[BlackElo "1838"]
[PlyCount "71"]
[EventDate "2019.05.30"]
[EventType "swiss"]
[EventRounds "7"]
[EventCountry "GER"]

1. d4 d5 2. c4 e6 3. Nc3 Be7 4. Bf4 Nf6 5. e3 O-O 6. Nf3 b6 7. Rc1 c5 8. cxd5
Nxd5 9. Nxd5 exd5 10. Be2 Nc6 11. O-O Be6 12. h3 h6 13. Bb5 Qc8 14. b3 Rd8 15.
Bg3 Qb7 16. Qe2 a6 17. Bd3 Nb4 18. Bb1 Rac8 19. a3 Nc6 20. dxc5 bxc5 21. Qc2 g6
22. Be5 Nxe5 23. Nxe5 Bf5 24. Qa2 Bxb1 25. Rxb1 Bf6 26. Nf3 d4 27. exd4 cxd4
28. Qd2 Bg7 29. Rfc1 Rxc1+ 30. Qxc1 Rc8 31. Qd2 Rc3 32. Qd1 Qd5 33. a4 a5 34.
Nd2 d3 35. Rc1 Qf5 36. Kf1 1/2-1/2

[Event "Hessen-ch A"]
[Site "Frankfurt/Main"]
[Date "2019.06.01"]
[Round "6"]
[White "Alkayas, Shadi"]
[Black "Rabiya, Karim"]
[Result "1-0"]
[WhiteElo "1760"]
[BlackElo "1826"]
[PlyCount "73"]
[EventDate "2019.05.30"]
[EventType "swiss"]
[EventRounds "7"]
[EventCountry "GER"]

1. e4 Nf6 2. Nc3 e5 3. Bc4 Bc5 4. d3 c6 5. Bg5 b5 6. Bb3 a5 7. a3 d6 8. h3 Be6
9. Nf3 Bxb3 10. cxb3 Qb6 11. O-O Nbd7 12. b4 axb4 13. axb4 Rxa1 14. Qxa1 Bxb4
15. Qa8+ Nb8 16. Be3 c5 17. Ra1 O-O 18. Qa7 Qxa7 19. Rxa7 Nc6 20. Ra6 Rc8 21.
Nxb5 c4 22. dxc4 Nxe4 23. Ra4 Bc5 24. Nd2 Nxd2 25. Bxd2 Nd4 26. b4 Nxb5 27.
bxc5 Nd4 28. cxd6 f6 29. d7 Rd8 30. Ra7 Ne6 31. Ba5 Rb8 32. Bc7 Rf8 33. Bd6 Rd8
34. c5 Kf7 35. c6 h5 36. Bb4 g5 37. Ba5 1-0

[Event "Hessen-ch A"]
[Site "Frankfurt/Main"]
[Date "2019.06.01"]
[Round "6"]
[White "Calvi, Stefan"]
[Black "Galkin, Wladislaw"]
[Result "1-0"]
[WhiteElo "1980"]
[BlackElo "2156"]
[PlyCount "51"]
[EventDate "2019.05.30"]
[EventType "swiss"]
[EventRounds "7"]
[EventCountry "GER"]

1. e4 e5 2. Nf3 Nc6 3. d4 exd4 4. Nxd4 Nf6 5. Nc3 Bb4 6. Nxc6 bxc6 7. Bd3 d5 8.
exd5 cxd5 9. O-O O-O 10. h3 c6 11. Qf3 Be7 12. Bf4 Nd7 13. Rfe1 Nc5 14. Ne2 Bf6
15. c3 Nxd3 16. Qxd3 Qb6 17. Qd2 Bf5 18. Nd4 Be4 19. Nb3 a5 20. Be3 Qd8 21. Nc5
Bg6 22. Bd4 Bg5 23. f4 Be7 24. Qf2 Bf5 25. Qe3 Re8 26. Qe5 1-0

[Event "Hessen-ch A"]
[Site "Frankfurt/Main"]
[Date "2019.06.01"]
[Round "6"]
[White "Cherny, Andrey"]
[Black "Carow, Annelen"]
[Result "1-0"]
[WhiteElo "2193"]
[BlackElo "2131"]
[PlyCount "75"]
[EventDate "2019.05.30"]
[EventType "swiss"]
[EventRounds "7"]
[EventCountry "GER"]

1. c4 e5 2. g3 Nc6 3. Bg2 f5 4. Nc3 Nf6 5. e3 d5 6. cxd5 Nb4 7. d3 Nfxd5 8.
Nxd5 Nxd5 9. a3 Qd6 10. Nf3 Be7 11. O-O Nb6 12. Bd2 O-O 13. Bc3 Bf6 14. Qc2 a5
15. b4 a4 16. Rfd1 Nd5 17. Bb2 Be6 18. Nd2 c6 19. e4 Ne7 20. Nc4 Qc7 21. d4
exd4 22. e5 Bg5 23. f4 Bh6 24. Rxd4 Nd5 25. Qd2 Qe7 26. Bxd5 Bxd5 27. Nb6 Be6
28. Nxa8 Rxa8 29. Rd1 Kf7 30. Rd8 Rxd8 31. Qxd8 Qxd8 32. Rxd8 Ke7 33. Rb8 b5
34. h4 g6 35. Bd4 Kf7 36. Rb7+ Kg8 37. Re7 Bd5 38. e6 1-0

[Event "Hessen-ch A"]
[Site "Frankfurt/Main"]
[Date "2019.06.01"]
[Round "6"]
[White "Diez, Gerhard"]
[Black "Varma, Christopher"]
[Result "1-0"]
[WhiteElo "1983"]
[BlackElo "1842"]
[PlyCount "31"]
[EventDate "2019.05.30"]
[EventType "swiss"]
[EventRounds "7"]
[EventCountry "GER"]

1. c4 Nf6 2. Nf3 g6 3. Nc3 Bg7 4. e4 d6 5. d4 O-O 6. h3 e5 7. Be3 exd4 8. Nxd4
Re8 9. Bd3 c6 10. O-O d5 11. cxd5 cxd5 12. Bb5 Re7 13. Rc1 dxe4 14. Nf5 Qc7 15.
Nxe7+ Qxe7 16. Nd5 1-0

[Event "Hessen-ch A"]
[Site "Frankfurt/Main"]
[Date "2019.06.01"]
[Round "6"]
[White "Dunsbach, Ralf"]
[Black "Dietze, Frank"]
[Result "1/2-1/2"]
[WhiteElo "2142"]
[BlackElo "2112"]
[PlyCount "112"]
[EventDate "2019.05.30"]
[EventType "swiss"]
[EventRounds "7"]
[EventCountry "GER"]

1. c4 Nf6 2. g3 g6 3. Bg2 Bg7 4. Nc3 e5 5. e4 Nc6 6. Nge2 d6 7. d3 O-O 8. O-O
Bg4 9. h3 Be6 10. Nd5 Ne7 11. Bg5 Nexd5 12. cxd5 Bd7 13. Qd2 c6 14. dxc6 bxc6
15. d4 Rb8 16. dxe5 dxe5 17. Rfd1 Be6 18. Qxd8 Rfxd8 19. b3 Rd7 20. Rac1 Rbb7
21. Be3 Bf8 22. Rxd7 Bxd7 23. Nc3 Ba3 24. Rc2 Kf8 25. Na4 Ke8 26. Nc5 Rc7 27.
Rc4 Bc8 28. Ra4 Bxc5 29. Bxc5 a6 30. Bd6 Rd7 31. Bxe5 Rd1+ 32. Kh2 Nd7 33. Bd4
f6 34. Be3 Ra1 35. Bf3 Re1 36. Rd4 Ne5 37. Bg2 g5 38. Bd2 Rd1 39. Bc3 Rc1 40.
Ba5 Bd7 41. f4 c5 42. Rd2 Nc6 43. Bb6 h6 44. e5 fxe5 45. fxe5 Ke7 46. Bc7 Nd4
47. Bd6+ Ke6 48. b4 Bc6 49. Bxc6 Nxc6 50. bxc5 h5 51. Kg2 g4 52. hxg4 hxg4 53.
Rf2 Nd4 54. Rf4 Rc2+ 55. Kf1 Kd5 56. a4 Nf3 1/2-1/2

[Event "Hessen-ch A"]
[Site "Frankfurt/Main"]
[Date "2019.06.01"]
[Round "6"]
[White "Emig, Nils"]
[Black "Bethke, Robert"]
[Result "1/2-1/2"]
[WhiteElo "1784"]
[BlackElo "2024"]
[PlyCount "20"]
[EventDate "2019.05.30"]
[EventType "swiss"]
[EventRounds "7"]
[EventCountry "GER"]

1. e4 e5 2. Nf3 Nf6 3. Nc3 Nc6 4. d4 exd4 5. Nxd4 Bb4 6. Nxc6 bxc6 7. Bd3 O-O
8. O-O h6 9. h3 Re8 10. Re1 d6 1/2-1/2

[Event "Hessen-ch A"]
[Site "Frankfurt/Main"]
[Date "2019.06.01"]
[Round "6"]
[White "Eurich, Jannik"]
[Black "Steudel, Max"]
[Result "1-0"]
[WhiteElo "1704"]
[BlackElo "1950"]
[PlyCount "71"]
[EventDate "2019.05.30"]
[EventType "swiss"]
[EventRounds "7"]
[EventCountry "GER"]

1. e4 c5 2. Nf3 g6 3. d4 cxd4 4. Nxd4 Nc6 5. c4 Nf6 6. Nc3 d6 7. Be2 Nxd4 8.
Qxd4 Bg7 9. Be3 O-O 10. Qd2 Be6 11. O-O a5 12. Rab1 Nd7 13. Rfc1 Nc5 14. f3 Qb6
15. b3 Rfc8 16. Bd1 Qb4 17. Bd4 Bxd4+ 18. Qxd4 a4 19. Bc2 axb3 20. axb3 Ra5 21.
f4 f6 22. Re1 Bf7 23. g3 Ne6 24. Qd3 Qc5+ 25. Kh1 Qd4 26. Nd5 Kf8 27. Qf3 Qa7
28. Qg4 h5 29. Qh3 Qf2 30. Rbc1 Nd4 31. Qxc8+ Kg7 32. Rf1 Qe2 33. Bb1 Nf3 34.
Qh3 Nd2 35. Rfe1 Qf3+ 36. Qg2 1-0

[Event "Hessen-ch A"]
[Site "Frankfurt/Main"]
[Date "2019.06.01"]
[Round "6"]
[White "Foerster Yialamas, Lucas"]
[Black "Froehlich Dill, Astrid"]
[Result "1-0"]
[WhiteElo "1981"]
[BlackElo "1845"]
[PlyCount "53"]
[EventDate "2019.05.30"]
[EventType "swiss"]
[EventRounds "7"]
[EventCountry "GER"]

1. e4 e6 2. d4 b6 3. Nf3 Bb7 4. Bd3 Nf6 5. Nbd2 c5 6. O-O cxd4 7. Nxd4 Nc6 8.
Nxc6 Bxc6 9. Qe2 Qc7 10. Nb3 Be7 11. Nd4 O-O 12. Nxc6 dxc6 13. b3 e5 14. Bb2
Bc5 15. a3 a5 16. Kh1 Nd7 17. Rad1 b5 18. f4 f6 19. Qg4 Rad8 20. f5 Be3 21. Rf3
Bh6 22. Rh3 Kh8 23. Bc1 Bxc1 24. Rxc1 Rf7 25. a4 bxa4 26. Bc4 Re7 27. Rxh7+ 1-0

[Event "Hessen-ch A"]
[Site "Frankfurt/Main"]
[Date "2019.06.01"]
[Round "6"]
[White "Haack, Kevin"]
[Black "Ruhl, Moritz"]
[Result "1/2-1/2"]
[WhiteElo "2033"]
[BlackElo "1867"]
[PlyCount "139"]
[EventDate "2019.05.30"]
[EventType "swiss"]
[EventRounds "7"]
[EventCountry "GER"]

1. c4 Nf6 2. Nc3 g6 3. e4 d6 4. g3 Bg7 5. Bg2 O-O 6. Nge2 e5 7. O-O Be6 8. d3
Qc8 9. Nd5 Nxd5 10. cxd5 Bd7 11. Be3 c5 12. dxc6 bxc6 13. Rc1 Qb7 14. Qd2 c5
15. Nc3 Nc6 16. Rb1 a5 17. h4 f6 18. Kh2 Rfb8 19. Bh3 Bxh3 20. Kxh3 a4 21. f4
a3 22. b3 Nb4 23. Rbd1 Rf8 24. f5 Rfd8 25. Qe2 Rac8 26. Na4 Qb5 27. Bc1 d5 28.
Nc3 Qa6 29. fxg6 hxg6 30. Nxd5 Nxd5 31. exd5 Rxd5 32. Qe4 Qe6+ 33. Kh2 f5 34.
Qc4 Ra8 35. Rfe1 Ra6 36. Re2 Qd6 37. Be3 Kh7 38. Rc2 Bf8 39. Rdd2 Ra8 40. Qb5
Rd8 41. Bg5 Rxd3 42. Qxd3 Qxd3 43. Bxd8 Qb5 44. Bf6 e4 45. Rd8 Bg7 46. Bxg7
Kxg7 47. Rd5 f4 48. gxf4 Qf1 49. Rg2 Qxf4+ 50. Kg1 Qe3+ 51. Kh2 Qf4+ 52. Kg1 e3
53. Rdg5 Qxh4 54. Rxg6+ Kf7 55. Rg7+ Kf6 56. R7g3 Qf4 57. Rg6+ Kf5 58. Rg8 Ke5
59. R8g5+ Kf6 60. Rg6+ Kf5 61. Rg8 Ke5 62. R2g5+ Kf6 63. R8g6+ Ke7 64. Rg7+ Kd6
65. R5g6+ Kd5 66. Rg5+ Kc6 67. R5g6+ Kb5 68. Rb7+ Ka5 69. Ra7+ Kb5 70. Rb7+
1/2-1/2

[Event "Hessen-ch A"]
[Site "Frankfurt/Main"]
[Date "2019.06.01"]
[Round "6"]
[White "Henrich, David"]
[Black "Hasenstab, Robin"]
[Result "1/2-1/2"]
[WhiteElo "2115"]
[BlackElo "1807"]
[PlyCount "40"]
[EventDate "2019.05.30"]
[EventType "swiss"]
[EventRounds "7"]
[EventCountry "GER"]

1. c4 e5 2. Nc3 Nf6 3. g3 g6 4. Bg2 Bg7 5. d3 c6 6. e4 O-O 7. Nge2 d6 8. O-O
Na6 9. h3 Bd7 10. Be3 b5 11. cxb5 cxb5 12. a3 Nc7 13. d4 a6 14. dxe5 dxe5 15.
Nd5 Ncxd5 16. exd5 Rc8 17. Qd2 Bf5 18. Nc3 h5 19. f3 Re8 20. Rfd1 e4 1/2-1/2

[Event "Hessen-ch A"]
[Site "Frankfurt/Main"]
[Date "2019.06.01"]
[Round "6"]
[White "Krychevskiy, Dmytro"]
[Black "Muth, Andreas"]
[Result "1/2-1/2"]
[WhiteElo "1927"]
[BlackElo "2030"]
[PlyCount "37"]
[EventDate "2019.05.30"]
[EventType "swiss"]
[EventRounds "7"]
[EventCountry "GER"]

1. e4 c5 2. Nf3 a6 3. d4 cxd4 4. Nxd4 Nf6 5. f3 e5 6. Ne2 d5 7. exd5 Nxd5 8. a3
Nc6 9. Nbc3 Be6 10. Nxd5 Bxd5 11. Nc3 Be6 12. Qxd8+ Rxd8 13. Be3 Be7 14. Bb6
Rc8 15. Bd3 O-O 16. O-O Nb8 17. Rfe1 Nd7 18. Bf2 Rfe8 19. Be3 1/2-1/2

[Event "Hessen-ch A"]
[Site "Frankfurt/Main"]
[Date "2019.06.01"]
[Round "6"]
[White "Kuhn, Gerhard"]
[Black "Goutham, Joshi"]
[Result "0-1"]
[WhiteElo "1977"]
[BlackElo "1839"]
[PlyCount "78"]
[EventDate "2019.05.30"]
[EventType "swiss"]
[EventRounds "7"]
[EventCountry "GER"]

1. e4 c5 2. c3 d5 3. exd5 Qxd5 4. d4 Nc6 5. Nf3 Bf5 6. Be2 Nf6 7. O-O e6 8. Na3
cxd4 9. Nb5 O-O-O 10. cxd4 a6 11. Nc3 Qd6 12. Be3 Be7 13. Rc1 Kb8 14. a3 Ng4
15. Qa4 Na7 16. Rfd1 Nxe3 17. fxe3 Rc8 18. Ne5 Bg5 19. Kf2 Rc7 20. g3 Rhc8 21.
Qb3 Qe7 22. Bxa6 Qf6 23. Nf3 Bg4 24. Be2 Qh6 25. Na2 Nc6 26. Rc5 e5 27. h4 Be7
28. Rb5 e4 29. Ng1 Qf6+ 30. Ke1 Bxe2 31. Nxe2 Qf3 32. Rc1 Nxd4 33. Nxd4 Rxc1+
34. Nxc1 Qxg3+ 35. Kd2 Qf2+ 36. Nce2 Rc7 37. Qd5 Bxh4 38. Qxe4 Qe1+ 39. Kd3
Qd1# 0-1

[Event "Hessen-ch A"]
[Site "Frankfurt/Main"]
[Date "2019.06.01"]
[Round "6"]
[White "Neidhardt, Helge"]
[Black "Simon, Jonathan"]
[Result "1-0"]
[WhiteElo "2094"]
[BlackElo "1959"]
[PlyCount "113"]
[EventDate "2019.05.30"]
[EventType "swiss"]
[EventRounds "7"]
[EventCountry "GER"]

1. d4 Nf6 2. Nf3 g6 3. c4 Bg7 4. Nc3 O-O 5. e4 d6 6. Be2 e5 7. Be3 Nc6 8. d5
Ne7 9. Nd2 Nd7 10. b4 f5 11. f3 Nf6 12. O-O f4 13. Bf2 g5 14. c5 Rf7 15. Nc4
Bf8 16. cxd6 cxd6 17. Nb5 Ng6 18. Bxa7 g4 19. Bb6 Qd7 20. Na7 gxf3 21. Bxf3 Rg7
22. Bf2 Rxa7 23. Bxa7 Nh4 24. Nb6 Qh3 25. Rf2 Bg4 26. gxh3 Bxf3+ 27. Kf1 Bxd1
28. Rxd1 Nxe4 29. Rc2 Nf3 30. Rg2 Neg5 31. h4 Nxh4 32. Rg4 Nf5 33. Nd7 h5 34.
Nf6+ Kf7 35. Nxh5 Rg8 36. h4 Nf3 37. Rxg8 Kxg8 38. Nf6+ Kg7 39. Ne4 N3xh4 40.
Rc1 Kg6 41. Rc8 Bh6 42. Rg8+ Kf7 43. Rb8 Ng3+ 44. Nxg3 fxg3 45. Rxb7+ Kf6 46.
b5 e4 47. Rh7 Bg5 48. Bd4+ Kf5 49. Rf7+ Kg4 50. Rg7 g2+ 51. Ke2 Nf3 52. Be3
g1=Q 53. Rxg5+ Nxg5 54. Bxg1 Nf7 55. a4 Ne5 56. a5 Nc4 57. a6 1-0

[Event "Hessen-ch A"]
[Site "Frankfurt/Main"]
[Date "2019.06.01"]
[Round "6"]
[White "Ochs, Daniel Elias"]
[Black "Burkhardt, Holger"]
[Result "1-0"]
[WhiteElo "1906"]
[BlackElo "2042"]
[PlyCount "83"]
[EventDate "2019.05.30"]
[EventType "swiss"]
[EventRounds "7"]
[EventCountry "GER"]

1. d4 d6 2. Nf3 Nf6 3. g3 Nbd7 4. Bg2 e5 5. O-O Be7 6. c4 O-O 7. Nc3 c6 8. h3
Re8 9. e4 Bf8 10. Be3 a6 11. Qc2 b5 12. c5 dxc5 13. dxe5 Nxe5 14. Nxe5 Rxe5 15.
f4 Re6 16. e5 Bb7 17. Bf2 Nd7 18. Ne4 c4 19. Ng5 Rg6 20. e6 fxe6 21. Be4 Rxg5
22. Bxh7+ Kh8 23. fxg5 Qxg5 24. Be4 Nf6 25. Bg2 Bd6 26. Qc1 Qg6 27. Qe3 Nd5 28.
Qe4 Qxe4 29. Bxe4 Be5 30. Rab1 Bf6 31. g4 g5 32. h4 gxh4 33. g5 Bg7 34. Bxh4
Kg8 35. g6 Rf8 36. Rxf8+ Bxf8 37. Rf1 Bc5+ 38. Kh1 a5 39. Rf7 Ba6 40. Bxd5 cxd5
41. Bf6 c3 42. Rh7 1-0

[Event "Hessen-ch A"]
[Site "Frankfurt/Main"]
[Date "2019.06.01"]
[Round "6"]
[White "Oezdemir, Ali Oezden"]
[Black "Bagatsch, Thomas"]
[Result "1-0"]
[WhiteElo "1997"]
[BlackElo "2087"]
[PlyCount "95"]
[EventDate "2019.05.30"]
[EventType "swiss"]
[EventRounds "7"]
[EventCountry "GER"]

1. e4 e5 2. Nf3 Nc6 3. Bb5 a6 4. Ba4 d6 5. c3 f5 6. exf5 Bxf5 7. O-O Be7 8. d4
b5 9. d5 Nb8 10. Bc2 Bxc2 11. Qxc2 Qd7 12. a4 bxa4 13. Rxa4 Nf6 14. c4 O-O 15.
Nc3 Qe8 16. Ng5 Qh5 17. Nce4 Nxe4 18. Nxe4 Nd7 19. Ng3 Qf7 20. Be3 Nf6 21. Qf5
Rfb8 22. b4 g6 23. Qd3 h5 24. Rfa1 Ng4 25. Ne4 Qf5 26. Bd2 Rf8 27. f3 Nf6 28.
Nxf6+ Qxf6 29. Qe4 g5 30. Rxa6 Rxa6 31. Rxa6 g4 32. Ra3 Qg7 33. fxg4 Bg5 34.
gxh5 Bxd2 35. Rg3 Bg5 36. h4 Rf4 37. Qe3 Rf1+ 38. Kxf1 Bxe3 39. Rxg7+ Kxg7 40.
Ke2 Bd4 41. Kf3 Bc3 42. b5 Kf6 43. g4 Be1 44. Ke4 Bxh4 45. c5 Bf2 46. g5+ Kxg5
47. b6 cxb6 48. c6 1-0

[Event "Hessen-ch A"]
[Site "Frankfurt/Main"]
[Date "2019.06.01"]
[Round "6"]
[White "Rutsatz, Mario"]
[Black "Iliev, Mustafa Batuhan"]
[Result "0-1"]
[WhiteElo "1959"]
[BlackElo "2068"]
[PlyCount "88"]
[EventDate "2019.05.30"]
[EventType "swiss"]
[EventRounds "7"]
[EventCountry "GER"]

1. c4 f5 2. b3 Nf6 3. Bb2 e6 4. g3 g6 5. Bg2 Bg7 6. d3 d6 7. Nc3 O-O 8. Nf3 e5
9. O-O c6 10. b4 h6 11. b5 g5 12. Nd2 Be6 13. Rb1 d5 14. e3 Nbd7 15. Ba3 Re8
16. bxc6 bxc6 17. Qa4 Nb6 18. Qa5 d4 19. exd4 exd4 20. Na4 Qc8 21. Nb3 Nfd7 22.
Rfe1 Nxa4 23. Qxa4 Ne5 24. Nc5 f4 25. Rxe5 Bxe5 26. Bxc6 fxg3 27. Nxe6 gxf2+
28. Kxf2 Rxe6 29. Bd5 Kh8 30. Bxe6 Qxe6 31. Qd1 Re8 32. Kg2 Bf4 33. Rb2 g4 34.
Kf1 Qc6 35. Rg2 Qf6 36. Rf2 Qg5 37. Bc5 Be3 38. Qa4 Rg8 39. Rf7 Qxc5 40. Qd7
Rf8 41. Ke2 Rxf7 42. Qxf7 Bg5 43. Qe8+ Kg7 44. Qd7+ Qe7+ 0-1

[Event "Hessen-ch A"]
[Site "Frankfurt/Main"]
[Date "2019.06.01"]
[Round "6"]
[White "Sabol, Goran"]
[Black "Kolker, Vladislav"]
[Result "0-1"]
[WhiteElo "1867"]
[BlackElo "2023"]
[PlyCount "74"]
[EventDate "2019.05.30"]
[EventType "swiss"]
[EventRounds "7"]
[EventCountry "GER"]

1. d4 Nf6 2. Nf3 g6 3. c4 Bg7 4. Nc3 O-O 5. e4 d6 6. Be2 Na6 7. Be3 Ng4 8. Bg5
f6 9. Bd2 e5 10. dxe5 dxe5 11. h3 Nh6 12. Qc1 Nf7 13. a3 Nc5 14. Qc2 a5 15. Rd1
Qe7 16. Be3 c6 17. b4 axb4 18. axb4 Ne6 19. Qb3 f5 20. O-O f4 21. Bc1 Nd4 22.
Qb1 g5 23. Rfe1 Nxe2+ 24. Nxe2 h5 25. Nh2 g4 26. hxg4 hxg4 27. Nf1 Qh4 28. Bxf4
exf4 29. Nxf4 Ne5 30. Nd3 Nxd3 31. Qxd3 Qxf2+ 32. Kh1 Be5 33. Qe3 Qh4+ 34. Kg1
Be6 35. g3 Bxg3 36. Qxg3 Rxf1+ 37. Kg2 Qh1# 0-1

[Event "Hessen-ch A"]
[Site "Frankfurt/Main"]
[Date "2019.06.01"]
[Round "6"]
[White "Schmitt, Carsten"]
[Black "Dzyba, Sultan"]
[Result "0-1"]
[WhiteElo "1912"]
[BlackElo "1982"]
[PlyCount "66"]
[EventDate "2019.05.30"]
[EventType "swiss"]
[EventRounds "7"]
[EventCountry "GER"]

1. c4 f5 2. g3 Nf6 3. Bg2 g6 4. Nc3 Bg7 5. d3 O-O 6. Rb1 d6 7. e3 e5 8. Nge2 c6
9. f4 Nbd7 10. O-O Re8 11. h3 Qc7 12. b3 Nc5 13. b4 Ne6 14. Qd2 exf4 15. exf4
Bd7 16. Kh2 Nh5 17. b5 Rad8 18. a4 Nc5 19. Qc2 Re7 20. d4 Ne4 21. Nxe4 fxe4 22.
Be3 Rde8 23. Qa2 Nf6 24. a5 cxb5 25. cxb5+ Be6 26. Qd2 Nd5 27. Bxe4 Nxe3 28.
Qxe3 Bf5 29. Qb3+ Kh8 30. Rbc1 Qxa5 31. Bf3 Rxe2+ 32. Bxe2 Rxe2+ 33. Kg1 Bxd4+
0-1